Município menos populoso de cada estado brasileiro - Statistics

Estatísticas Gerais
  • Esse quiz foi jogado 17 vezes
  • A pontuação média é 3 de 27
Estatísticas das Respostas
Estado População Município % Correto
São Paulo 837 Borá
71%
Minas Gerais 781 Serra da Saudade
71%
Alagoas 2.908 Pindoba
21%
Goiás 1.137 Anhanguera
14%
Piauí 1.246 Miguel Leão
14%
Tocantins 1.106 Oliveira de Fátima
14%
Paraíba 1.771 Parari
14%
Mato Grosso 956 Araguainha
7%
Pará 3.310 Bannach
7%
Rio Grande do Sul 1.034 Engenho Velho
7%
Pernambuco 3.061 Fernando de Noronha
7%
Paraná 1.331 Jardim Olinda
7%
Rio de Janeiro 5.530 Macuco
7%
Bahia 3.161 Maetinga
7%
Rondônia 2.169 Pimenteiras do Oeste
7%
Amapá 4.632 Pracuúba
7%
Acre 5.952 Santa Rosa do Purus
7%
Santa Catarina 1.260 Santiago do Sul
7%
Rio Grande do Norte 1.712 Viçosa
7%
Sergipe 2.686 Amparo de São Fracisco
0%
Maranhão 3.432 Bernardo do Mearim
0%
Espírito Santo 4.304 Divino de São Lourenço
0%
Mato Grosso do Sul 3.051 Figueirão
0%
Ceará 4.844 Granjeiro
0%
Amazonas 2.755 Japurá
0%
Roraima 7.986 São Luiz
0%
Distrito Federal 2.585 SIA
0%
Nenhum quiz correspondente encontrado
Distribuição das Pontuações
Porcentagem de Pessoas com Cada Pontuação
Percentil de Números Respondidos
Sua Pontuação Histórica
Você não jogou esse quiz